Central Library OPAC University of Rajshahi

Treasury of alphabets and lettering : (Record no. 8027)

MARC details
000 -LEADER
fixed length control field 01217pam a2200325 a 4500
001 - CONTROL NUMBER
control field 8027
003 - CONTROL NUMBER IDENTIFIER
rucl marc code BD-RjUL
005 - DATE AND TIME OF LATEST TRANSACTION
control field 20211208234519.0
008 - FIXED-LENGTH DATA ELEMENTS--GENERAL INFORMATION
fixed length control field 160114s1966 nyua b 001 0 eng
020 ## - INTERNATIONAL STANDARD BOOK NUMBER
International Standard Book Number 083063486X :
035 ## - SYSTEM CONTROL NUMBER
System control number (BD-RjUL)8072
040 ## - CATALOGING SOURCE
Original cataloging agency DLC
Transcribing agency DLC
Modifying agency DLC
-- BD-RjUL
Language of cataloging eng
041 1# - LANGUAGE CODE
Language code of text/sound track or separate title eng
Language code of original ger
082 00 - DEWEY DECIMAL CLASSIFICATION NUMBER
Classification number 686.221
Edition number 20
Author mark and year TST
100 1# - MAIN ENTRY--PERSONAL NAME
Personal name Tschichold, Jan,
Dates associated with a name 1902-1974.
9 (RLIN) 25044
245 10 - TITLE STATEMENT
Title Treasury of alphabets and lettering :
Remainder of title a source book of the best letter forms of past and present for sign painters, graphic artists, commercial artists, typographers, printers, sculptors, architects, and schools of art and design /
Statement of responsibility, etc. Jan Tschichold.
250 ## - EDITION STATEMENT
Edition statement 1st paperback ed.
260 ## - PUBLICATION, DISTRIBUTION, ETC. (IMPRINT)
Place of publication, distribution, etc. New York, NY :
Name of publisher, distributor, etc. Design Press,
Date of publication, distribution, etc. c1966.
300 ## - PHYSICAL DESCRIPTION
Pagination 236 p. :
Illustrations ill. ;
Size 31 cm.
500 ## - GENERAL NOTE
General note Translation of: Meisterbuch der Schrift.
504 ## - BIBLIOGRAPHY, ETC. NOTE
Bibliography, etc Includes bibliographical references (p. [227]-234) and index.
650 #0 - SUBJECT ADDED ENTRY--TOPICAL TERM
Topical term or geographic name as entry element Type and type-founding
General subdivision Specimens.
9 (RLIN) 25045
Topical term or geographic name as entry element Graphic design (Typography)
9 (RLIN) 25046
Topical term or geographic name as entry element Alphabets.
9 (RLIN) 25047
Topical term or geographic name as entry element Lettering.
9 (RLIN) 25048
942 ## - ADDED ENTRY ELEMENTS (KOHA)
Source of classification or shelving scheme Dewey Decimal Classification
Koha item type Books
Holdings
Lost status Source of classification or shelving scheme Damaged status Not for loan Collection code Permanent Location Current Location Shelving location Date acquired Source of acquisition Cost, normal purchase price Total Checkouts Full call number Date last seen Copy number Koha item type
  Dewey Decimal Classification   Not For Loan Non-fiction Central Library, University of Rajshahi Central Library, University of Rajshahi   07/06/1973 Dhaka book centre 148.50   686.221 TST 1966 16/01/2014 C-1 Books